000 nam a22 7a 4500
999 _c9512
_d9512
008 180201b ||||| |||| 00| 0 eng d
100 _aRaman
_95698
245 _aMy window to computer learning -VII
260 _aNew Delhi
_bBrainwaves Information Publication
_c2008